000 00520nam a2200133Ia 4500
008 220616s9999||||xx |||||||||||||| ||und||
020 _a9782890000000
245 0 _aXenopus Models of Organogenesis and Disease
546 _aEnglish[eng]
650 _aXenopus||development||organogenesis||disease model||oncology||patterning||regeneration
700 _aNoel Griffin, John||Sempou, Emily||Liu, Karen
856 _uhttps://www.frontiersin.org/research-topics/7770/xenopus-models-of-organogenesis-and-disease
942 _cEB
999 _c20805
_d20805